000 00776nas a2200241 4500
001 BR8706306
003 BR-BrBNA
005 20231205090849.0
007 ta
008 230509b bl.|||p| |||| 00| 00por d
040 _aBR-BrBNA
_bpor
_cBiblioteca Nacional de Agricultura
041 _a(En)
072 _aH10
100 1 _aTisselli Filho, O.
245 1 _aThe history and potential of development of insect resistance in soybeans (Glycine max (L.)Merrill)in U.S.A. [variedade resistente]
650 _aSOJA
650 _aINSETO
650 _aVARIEDADE RESISTENTE
650 _aESTADOS UNIDOS DA AMERICA
773 0 _tEcossistema (Brazil)
_xISSN 0100-4107
_g(Oct 1984), v. 9 p. 126-138
_wBR8706306
909 _a202311
_bLúcia
_c55
_dLúcia Elande
942 _2AGRIS
_n0
_cANA
999 _c121308
_d121308